Családmegismerési technikák

A tananyag első fejezetében az alapfogalmak tisztázásán keresztül kalauzoljuk az olvasót a rendszerszemlélet világába. Bemutatjuk a legfontosabb alapelveket, alapfogalmakat, valamint a családi interjú részleteit és módszertanát, amelyek a családokkal végzett segítő munka során elengedhetetlenül szük...

Teljes leírás

Elmentve itt :
Bibliográfiai részletek
Szerzők: Arany Zoltán
Mihálka Mária
Dokumentumtípus: Könyv
Megjelent: 2019
Tárgyszavak:
Online Access:http://eta.bibl.u-szeged.hu/3152
LEADER 01351nnm a2200217 i 4500
001 eta3152
005 20200709105446.0
008 200709s2019 hu o 0|| hun d
040 |a SZTE Elektronikus Tananyag Archívum  |b hun 
041 |a hun 
100 1 |a Arany Zoltán 
245 1 0 |a Családmegismerési technikák  |h [elektronikus dokumentum] /  |c  Arany Zoltán 
260 |c 2019 
300 |a 88 
516 |a Book 
520 3 |a A tananyag első fejezetében az alapfogalmak tisztázásán keresztül kalauzoljuk az olvasót a rendszerszemlélet világába. Bemutatjuk a legfontosabb alapelveket, alapfogalmakat, valamint a családi interjú részleteit és módszertanát, amelyek a családokkal végzett segítő munka során elengedhetetlenül szükségesek. A második fejezetben konkrét, a családok megismerésében használatos módszerek kerülnek bemutatásra, gyakorlati példákkal kiegészítve. Tárgyalni fogjuk: a genogram, a szociogram, az ecomap, a családi szobor, a családi fénykép, a családi rajz alapvetéseit s az egyes módszerek felvétele során használatos eljárási folyamatokat. 
650 4 |a Társadalomtudományok 
650 4 |a Szociológia 
650 4 |a Családkutatás, szociális munka 
700 0 1 |a Mihálka Mária  |e aut 
856 4 0 |u https://eta.bibl.u-szeged.hu/3152/1/csaladmegismeresi_technikak.pdf  |z Dokumentum-elérés